=LDR 00000nam 2200000 4500 =001 INLIS000000000042944 =005 20131008015746 =008 ***********************************Ind** =035 ##$$0010-101300000000866 =041 ##$$a Ind =082 ##$$a 410.7 =090 ##$$a 410.7, Sya t.1.2 =100 ##$$a Syafi'ie, Imam =245 ##$$a Terampil Berbahasa Indonesi, Imam Syafi'ie =260 ##$$a 2001 $b Jakarta =300 ##$$a 238 hlm, Ilus, 21 cm =850 ##$$a NBPNMAT =990 ##$$a 0001/BPAP-NTB/20142015